La Era del globalismo /

Con el desarrollo intensivo y extensivo del capitalismo surge una configuración geohistórica dotada de peculiaridades específicas y de movimientos propios, que puede denominarse "globalismo". Se trata de una realidad múltiple presente en el ámbito trasnacional. No siempre anula lo preexist...

Täydet tiedot

Tallennettuna:
Bibliografiset tiedot
Päätekijä: Ianni, Octavio
Aineistotyyppi: Teksti
Aiheet:
Tagit: Lisää tagi
Ei tageja, Lisää ensimmäinen tagi!

MARC

LEADER 00000 a a2200000 04500
001 10614
003
040
100 |a Ianni, Octavio  
245 |a La Era del globalismo /  |c Octavio Ianni 
520 |a Con el desarrollo intensivo y extensivo del capitalismo surge una configuración geohistórica dotada de peculiaridades específicas y de movimientos propios, que puede denominarse "globalismo". Se trata de una realidad múltiple presente en el ámbito trasnacional. No siempre anula lo preexistente, aunque altera su lugar y significado. Transforma el mapa del mundo, no sólo en lo que puede representar la geografía o la historia, sino también las conciencias. Numerosos autores y textos contribuyen al esclarecimiento de diferentes aspectos del globalismo, y son tres las teorías que aparecen articuladas con más frecuencia: la sistémica, la weberiana y la marxista. Doc/PAG  
650 |a GLOBALIZACION  
650 |a POLITICA  
650 |a INVESTIGACION ECONOMICA  
650 |a LIBERALIZACION DEL INTERCAMBIO  
773 |g número 163; páginas 92-108  
999 |c 34222  |d 34222